Statystyki dla 3 największe miasta każdego państwa Morza Bałtyckiego

Kliknij tutaj aby rozwiązać quiz!

Ogólne statystyki

  • Ten quiz został rozwiązany 381 razy
  • Średni wynik to 18 z 27

Statystyki odpowiedzi

KrajMiastoLp.% Poprawnych
DaniaKopenhaga1.
98%
NiemcyBerlin1.
95%
PolskaKraków2.
95%
PolskaWarszawa1.
95%
RosjaMoskwa1.
94%
SzwecjaSztokholm1.
94%
LitwaWilno1.
94%
FinlandiaHelsinki1.
93%
ŁotwaRyga1.
93%
PolskaŁódź3.
92%
EstoniaTallinn1.
92%
NiemcyMonachium3.
89%
RosjaPetersburg2.
89%
NiemcyHamburg2.
87%
SzwecjaMalmo3.
74%
LitwaKowno2.
66%
SzwecjaGoteborg2.
56%
LitwaKłajpeda3.
56%
DaniaAarhus2.
36%
DaniaOdense3.
35%
RosjaNowosybirsk3.
29%
ŁotwaDyneburg2.
28%
EstoniaTartu2.
28%
FinlandiaTampere3.
27%
FinlandiaEspoo2.
22%
ŁotwaLipawa3.
22%
EstoniaNarwa3.
17%

Rozkład punktacji

Percentyl według liczby udzielonych odpowiedzi

Procent ludzi z każdym wynikiem

Twoja historia wyników

Nie rozwiązałeś tego quizu